Focus 2003: training (Record no. 72703)
[ view plain ]
| 000 -LEADER | |
|---|---|
| fixed length control field | 01167cam a2200253 4500 |
| 001 - CONTROL NUMBER | |
| control field | ABS66695 |
| 008 - FIXED-LENGTH DATA ELEMENTS--GENERAL INFORMATION | |
| fixed length control field | 030520n2003 000 0 eng u |
| 035 ## - SYSTEM CONTROL NUMBER | |
| System control number | (Sirsi) u122337 |
| 100 ## - MAIN ENTRY--PERSONAL NAME | |
| Personal name | Hart, A. |
| 245 ## - TITLE STATEMENT | |
| Title | Focus 2003: training |
| 260 ## - PUBLICATION, DISTRIBUTION, ETC. | |
| Date of publication, distribution, etc. | 2003 |
| 490 ## - SERIES STATEMENT | |
| Series statement | Estates Gazette |
| Volume/sequential designation | 90319) 10 May 2003, 77-87(8) |
| 520 ## - SUMMARY, ETC. | |
| Summary, etc. | Discusses the attitudes of property companies towards training. Life-long learning is now regarded as an important part of career development and the majority of employers recognise the importance of updating the employees' skills and so attracting the best graduates. Highlights the RICS' commitment to CPD, including its interactive online recording facility, stresses the wide range of activities which can form part of CPD activities, including voluntary work and private study. Non-cognate graduates entering the surveying profession have additional training needs. |
| 590 ## - LOCAL NOTE (RLIN) | |
| Local note | ABS |
| 650 ## - SUBJECT ADDED ENTRY--TOPICAL TERM | |
| Topical term or geographic name entry element | CPD |
| 650 ## - SUBJECT ADDED ENTRY--TOPICAL TERM | |
| Topical term or geographic name entry element | SKILLS |
| 650 ## - SUBJECT ADDED ENTRY--TOPICAL TERM | |
| Topical term or geographic name entry element | GRADUATES |
| 650 ## - SUBJECT ADDED ENTRY--TOPICAL TERM | |
| Topical term or geographic name entry element | RECRUITMENT |
| 650 ## - SUBJECT ADDED ENTRY--TOPICAL TERM | |
| Topical term or geographic name entry element | LIFE-LONG LEARNING |
| 690 ## - LOCAL SUBJECT ADDED ENTRY--TOPICAL TERM (OCLC, RLIN) | |
| Topical term or geographic name as entry element | CAREERS, EDUCATION AND TRAINING |
| 700 ## - ADDED ENTRY--PERSONAL NAME | |
| Personal name | Cronin, S. |
| 700 ## - ADDED ENTRY--PERSONAL NAME | |
| Personal name | Watson, S. |
| 942 ## - ADDED ENTRY ELEMENTS (KOHA) | |
| Suppress in OPAC | 0 |
| Withdrawn status | Lost status | Source of classification or shelving scheme | Damaged status | Not for loan | Home library | Current library | Shelving location | Date acquired | Total Checkouts | Full call number | Barcode | Date last seen | Copy number | Price effective from | Koha item type |
|---|---|---|---|---|---|---|---|---|---|---|---|---|---|---|---|
| Dewey Decimal Classification | London | London | Journal article | 20/05/2003 | ABS66695 | 122337-1001 | 06/08/2019 | 1 | 06/08/2019 | Journal article |